La intervención en la arquitectura : (Registro nro. 9334)

Detalles MARC
000 -LEADER
campo de control de longitud fija 03346cam a2200409Mi 4500
003 - IDENTIFICADOR DE NÚMERO DE CONTROL
campo de control PE-LiUPU
005 - FECHA Y HORA DE LA ÚLTIMA TRANSACCIÓN
campo de control 20250731183342.0
008 - DATOS DE LONGITUD FIJA--INFORMACIÓN GENERAL
campo de control de longitud fija 140806s2014 sp a 001 0 spa d
020 ## - NÚMERO INTERNACIONAL ESTÁNDAR DEL LIBRO
Número Internacional Estándar del Libro 849749587X
020 ## - NÚMERO INTERNACIONAL ESTÁNDAR DEL LIBRO
Número Internacional Estándar del Libro 9788497495875
035 ## - NÚMERO DE CONTROL DEL SISTEMA
Número de control de sistema (Sirsi) i9788497495875
040 ## - FUENTE DE CATALOGACIÓN
Centro catalogador/agencia de origen PE-LiUPU
Lengua de catalogación spa
Centro/agencia transcriptor PE-LiUPU
Normas de descripción rda
049 ## - FONDOS LOCALES (OCLC)
Biblioteca depositaria PRUA
082 ## - NÚMERO DE LA CLASIFICACIÓN DECIMAL DEWEY
Número de clasificación 720.288
Cutter A55
Número de edición 20
100 1# - ENTRADA PRINCIPAL--NOMBRE DE PERSONA
Nombre de persona Amo Pérez, María Pilar del.
245 13 - MENCIÓN DEL TÍTULO
Título La intervención en la arquitectura :
Resto del título la acción restauradora y rehabilitadora : el mantenimiento : aspectos generales de la patología /
Mención de responsabilidad, etc. María Pilar del Amo Pérez.
264 ## - PRODUCCIÓN, PUBLICACIÓN, DISTRIBUCIÓN, FABRICACIÓN Y COPYRIGHT
Producción, publicación, distribución, fabricación y copyright A Coruña :
Nombre del de productor, editor, distribuidor, fabricante Universidade da Coruña, Servizo de Publicacións,
Fecha de producción, publicación, distribución, fabricación o copyright 2014.
300 ## - DESCRIPCIÓN FÍSICA
Extensión 228 páginas :
Otras características físicas ilustraciones ;
Dimensiones 30 centímetros.
336 ## - TIPO DE CONTENIDO
Término de tipo de contenido text
Fuente rdacontent
337 ## - TIPO DE MEDIO
Nombre/término del tipo de medio unmediated
Fuente rdamedia
338 ## - TIPO DE SOPORTE
Nombre/término del tipo de soporte volume
Fuente rdacarrier
490 0# - MENCIÓN DE SERIE
Mención de serie Manuais
Designación de volumen o secuencia 34
504 ## - NOTA DE BIBLIOGRAFÍA, ETC.
Nota de bibliografía, etc. Bibliografía : páginas 223-228.
505 ## - NOTA DE CONTENIDO CON FORMATO
Nota de contenido con formato INTRODUCCIÓN -- La degradación de los edificios y del espacio urbano. La intervención -- Ladegradación de los edificios -- La degradación urbana -- Unidad 1 La intervención en la arquitectura: La acción restauradora y rehabilitadora. El mantenimiento -- Capítulo 1 La acción restauradora. Introducción a la intervención en el patrimonio -- El patrimonio -- Criterios de intervención en restauración -- Organismos gestores-- Capítulo 2 La acción rehabilitadora -- La rehabilitación de los edificios -- La rehabilitación, regeneración y renovación urbana -- Normativa de aplicación vigente sobre rehabilitación -- Gestión de la rehabilitación. Directrices y protocolos para una intervención subvencionada -- Capítulo 3 El mantenimiento -- El mantenimiento y el deber de conservación -- Evaluación del estado de conservación de un edificio -- Mantenimiento y LOE. El libro del edificio -- Mantenimiento y CTE. Las instrucciones de uso y mantenimiento. El Plan de Mantenimiento del Edificio -- Unidad 2 Aspectos generales de la patología -- Capítulo 1 El proceso patológico -- Introducción al proceso -- Agentes desencadenantes de un proceso patologico -- Procesos patológicos más frecuentes -- Capítulo 2 Metodología a seguir en un estudio patológico -- Observación preliminar -- Reconocimiento -- Análisis de los datos y reconstrucción del proceso patológico -- Diagnóstico del proceso patológico y conclusiones -- Propuesta de actuación: terapeútica curativa y preventiva -- El proyecto de intervención -- Capítulo 3 Técnicas de diagnóstico y herramientas de apoyo -- Inspecciones mediante la realización de catas y pozos -- Ensayos e inspecciones no destructivas de diagnóstico -- Instrumentos, técnicas de inspección y procesos patológicos -- Herramientas de apoyo -- Bibliografía.
526 ## - NOTA DE INFORMACIÓN SOBRE EL PROGRAMA DE ESTUDIO
Nombre del programa Maestría Bim Facility Management (A distancia)
526 ## - NOTA DE INFORMACIÓN SOBRE EL PROGRAMA DE ESTUDIO
Nombre del programa
526 ## - NOTA DE INFORMACIÓN SOBRE EL PROGRAMA DE ESTUDIO
Nombre del programa Educación musical y artes
526 ## - NOTA DE INFORMACIÓN SOBRE EL PROGRAMA DE ESTUDIO
Nombre del programa Educación, especialidad educación física
526 ## - NOTA DE INFORMACIÓN SOBRE EL PROGRAMA DE ESTUDIO
Nombre del programa Arquitectura
650 #7 - PUNTO DE ACCESO ADICIONAL DE MATERIA--TÉRMINO DE MATERIA
Término de materia o nombre geográfico como elemento de entrada Arquitectura
Subdivisión general Restauración.
Fuente del encabezamiento o término embne
650 04 - PUNTO DE ACCESO ADICIONAL DE MATERIA--TÉRMINO DE MATERIA
Término de materia o nombre geográfico como elemento de entrada Arquitectura
Subdivisión general Conservación y restauración.
910 ## - DATOS DE OPCIÓN DEL USUARIO (OCLC)
Datos de opción del usuario jck
942 ## - ELEMENTOS DE ENTRADA SECUNDARIOS (KOHA)
Fuente del sistema de clasificación o colocación Clasificación Decimal Dewey
Tipo de ítem Koha
949 ## - PROCESAMIENTO DE INFORMACIÓN LOCAL (OCLC)
a 720.288 A55
w DEWEY
c 1
i 72896
d 2016-8-14
e 2016-8-11
l CCODEBUL1
m BUL
n 1
p 22.26
r 0
s Y
t BOOK
u 2016-5-9
x INGENIERIA
0 COMPRA
o .STAFF. Colección General
980 ## - EQUIVALENCIA O REFERENCIA-CRUZADA-MENCIÓN DE SERIE--NOMBRE DE PERSONA/TÍTULO [LOCAL, CANADÁ]
ID del último usuario que modificó el registro 1
Nombre del último usuario que modificó el registro ALBERTO SANCHEZ Responsable de Automatización
Existencias
Visto por última vez Número de inventario Total de préstamos Signatura topográfica completa Código de barras Fecha del último préstamo Copia número Coste, precio de reemplazo Fecha de reemplazo Facultad Tipo de ítem Koha Nota pública Estado de pérdida Fuente del sistema de clasificación o colocación Restricciones de uso No para préstamo Colección Programa académico Biblioteca de origen Biblioteca actual Ubicación en estantería Fecha de adquisición Fuente de adquisición Coste, precio normal de compra
2025-12-03 8 17 720.288 A55 72896 2023-08-28 e1 27.26 2016-05-09 FIA Libros físicos inventario-2023-12-13 No Perdido Clasificación Decimal Dewey No restringido Disponible para préstamos Colección General Arquitectura Biblioteca CRAI UPeU Lima Biblioteca CRAI UPeU Lima Sala principal 2016-05-09 COMPRA 22.26